|
|
|
|
| LEADER |
00000nab#a22000007a#4500 |
| 001 |
arbauad046105 |
| 003 |
AR-BaUAD |
| 005 |
20250711113539.0 |
| 008 |
000829|||||||||###||||||b###|0###a|spa|| |
| 040 |
|
|
|a AR-BaUAD
|c AR-BaUAD
|b spa
|
| 100 |
|
|
|a Sato, Kazuko
|
| 245 |
|
|
|a Abiti viventi /
|c Kazuko Sato; Ruriko Valota;
|
| 300 |
0 |
|
|b fot.
|
| 500 |
|
|
|a "Issey Miyake Making Thing",
|
| 653 |
|
|
|a JAPON
|
| 653 |
|
|
|a TOKIO
|
| 653 |
|
|
|a EXPOSICIONES
|
| 653 |
|
|
|a MODA
|
| 653 |
|
|
|a DISEÑO DE INDUMENTARIA
|
| 653 |
|
|
|a DISEÑADORES DE INDUMENTARIA
|
| 653 |
|
|
|a ISSEY MIYAKE
|
| 653 |
|
|
|a DISEÑO
|
| 653 |
|
|
|a ARTE
|
| 653 |
|
|
|a ESCULTURA
|
| 700 |
1 |
|
|a Valota, Ruriko
|
| 773 |
0 |
|
|t DOMUS
|g Nº828 [jul.-ago. 2000], p. 112-117
|
| 942 |
|
|
|c ARTI
|
| 952 |
|
|
|0 0
|1 0
|4 0
|7 0
|9 91024
|a AR-BAuAD
|b AR-BAuAD
|d 2025-07-11
|l 0
|p AAQA046105
|r 2025-07-11 11:35:39
|w 2025-07-11
|y ARTI
|
| 990 |
|
|
|a A200
|b TD
|
| 990 |
|
|
|a DT200
|b TD
|
| 998 |
|
|
|a AAQ
|b BIBUN76
|
| 999 |
|
|
|c 70697
|d 70697
|